[Event "IECG TG.2005.0.15539"]
[Site "IECG email"]
[Date "2005.12.26"]
[Round "1"]
[White "Lunergan, Brian"]
[Black "McCormick, Sean"]
[Result "1-0"]
[WhiteElo "1095"]
[BlackElo "908"]
[PlyCount "71"]
[EventDate "2005.12.26"]
[EventType "match (corr)"]
[EventRounds "2"]
[SourceTitle "Corr 2008"]
[Source "ChessBase"]
[SourceDate "2008.06.24"]
[SourceVersion "1"]
[SourceVersionDate "2008.06.24"]
[SourceQuality "1"]

1. Nf3 c5 2. c4 d6 3. d4 cxd4 4. Nxd4 e5 5. Nf3 Be7 6. Nc3 Be6 7. e4 Nf6 8. Bd3 0-0 9. 0-0 Nbd7 10. Ng5 Nc5 11. Nxe6 Nxe6 12. Be3 Nc5 13. Bc2 a6 14. Qf3 Qd7 15. Rad1 Qg4 16. Nd5 Qxf3 17. Nxe7+ Kh8 18. gxf3 Rad8 19. Nf5 Ne6 20. Bb6 Rc8 21. Nxd6 Rc6 22. Be3 Nh5 23. Ba4 Rc7 24. Bb6 Re7 25. Nf5 Nef4 26. Nxe7 Nh3+ 27. Kh1 g6 28. Rd7 f5 29. Bc7 fxe4 30. Bxe5+ Nf6 31. Rxb7 Rf7 32. fxe4 Kg7 33. Be8 Rf8 34. Nf5+ Kh8 35. Bf7 gxf5 36. Bxf6# 1-0

[Event "IECG CP-2005-P-00075"]
[Site "IECG email"]
[Date "2005.10.01"]
[Round "?"]
[White "Lunergan, Brian"]
[Black "Catala Sole, Alfredo Ernesto"]
[Result "0-1"]
[WhiteElo "800"]
[BlackElo "1649"]
[PlyCount "148"]
[EventDate "2005.??.??"]
[EventType "tourn (corr)"]
[EventRounds "6"]
[SourceTitle "Corr 2024"]
[Source "ChessBase"]
[SourceDate "2023.10.19"]
[SourceVersion "1"]
[SourceVersionDate "2023.10.19"]
[SourceQuality "1"]

1. d4 Nf6 2. Nf3 e6 3. c4 b6 4. Nc3 Bb4 5. Bg5 Bb7 6. e3 h6 7. Bh4 g5 8. Bg3 Ne4 9. Qc2 Bxc3+ 10. bxc3 d6 11. Bd3 f5 12. d5 Nc5 13. h4 g4 14. Nd4 Qf6 15. 0-0 Nba6 16. Nxe6 Nxe6 17. Bxf5 Ng7 18. Bg6+ Kd7 19. f3 Raf8 20. fxg4 Qe7 21. e4 Kc8 22. Qd2 Kb8 23. Rxf8+ Rxf8 24. Qxh6 Bc8 25. Qg5 Qxg5 26. hxg5 Bxg4 27. e5 dxe5 28. Bxe5 Nh5 29. Rf1 Rg8 30. Rf6 Kb7 31. Rc6 Bd7 32. Rf6 Nc5 33. Bxh5 Rxg5 34. Bxc7 Kxc7 35. d6+ Kc8 36. Bf3 Be8 37. Kh2 Rg6 38. Rf8 Kd7 39. Rh8 Rg7 40. Rf8 Bg6 41. Rf6 Bf7 42. a3 Rh7+ 43. Kg1 Be6 44. Rf4 Kxd6 45. Rd4+ Ke5 46. Bc6 Rc7 47. Bf3 Na4 48. Re4+ Kf6 49. g4 Nxc3 50. Re3 Rxc4 51. g5+ Kf5 52. Bg2 Bd5 53. Rxc3 Rxc3 54. Bxd5 Rxa3 55. Bc4 a5 56. g6 Kxg6 57. Kf2 Rc3 58. Bb5 Rc5 59. Bd3+ Kf6 60. Bh7 Re5 61. Bc2 b5 62. Bd1 a4 63. Kf3 a3 64. Bb3 b4 65. Kf2 Rh5 66. Kg3 Rc5 67. Kf2 Rc3 68. Bd5 b3 69. Ke2 a2 70. Be4 a1Q 71. Bd3 Qc1 72. Be4 Re3+ 73. Kf2 Qd2+ 74. Kg1 Re1# 0-1

[Event "IECG TG.2005.0.15404"]
[Site "IECG email"]
[Date "2005.05.01"]
[Round "1"]
[White "Frias, Juan Daniel"]
[Black "Lunergan, Brian"]
[Result "0-1"]
[WhiteElo "800"]
[BlackElo "800"]
[PlyCount "58"]
[EventDate "2005.05.01"]
[EventType "match (corr)"]
[EventRounds "2"]
[SourceTitle "Corr 2008"]
[Source "ChessBase"]
[SourceDate "2008.06.24"]
[SourceVersion "1"]
[SourceVersionDate "2008.06.24"]
[SourceQuality "1"]

1. e4 c5 2. Bc4 e6 3. d3 d5 4. exd5 exd5 5. Bb5+ Nd7 6. Qe2+ Be7 7. c4 Ngf6 8. Nc3 d4 9. Nd5 Nxd5 10. cxd5 0-0 11. Nf3 Qa5+ 12. Bd2 Qxb5 13. Qxe7 Qxd3 14. Ng5 Nf6 15. Qe2 Re8 16. Ne4 Rxe4 17. Be3 Qxe2+ 18. Kxe2 dxe3 19. f3 Rb4 20. Rac1 Rxb2+ 21. Kxe3 Nxd5+ 22. Ke4 Nf6+ 23. Kd3 Bf5+ 24. Kc3 Rxg2 25. Rc2 Rxc2+ 26. Kb3 Re8 27. Rd1 Re3+ 28. Ka4 Bd7+ 29. Ka5 Rxa2# 0-1

[Event "IECG TG.2005.0.15352"]
[Site "IECG email"]
[Date "2005.02.06"]
[Round "2"]
[White "Lunergan, Brian"]
[Black "Coggiola, Leandro Damian"]
[Result "1-0"]
[WhiteElo "800"]
[BlackElo "800"]
[PlyCount "61"]
[EventDate "2005.02.06"]
[EventType "match (corr)"]
[EventRounds "2"]
[SourceTitle "Corr 2008"]
[Source "ChessBase"]
[SourceDate "2008.06.24"]
[SourceVersion "1"]
[SourceVersionDate "2008.06.24"]
[SourceQuality "1"]

1. d4 d5 2. c4 e6 3. Nf3 Nf6 4. Nc3 Nbd7 5. Bg5 Be7 6. e3 0-0 7. Rc1 c6 8. Bd3 dxc4 9. Bxc4 h6 10. Bh4 Nd5 11. Bg3 N7f6 12. 0-0 Nb6 13. Bd3 Nh5 14. Ne5 Nxg3 15. fxg3 Nd7 16. Nxd7 Bxd7 17. Ne4 Rc8 18. Nc5 Bxc5 19. Rxc5 Qe7 20. Ra5 Ra8 21. Rh5 Rae8 22. Qf3 f6 23. Bc4 Kh8 24. Qf4 b6 25. Bd3 e5 26. Rxh6+ gxh6 27. Qxh6+ Kg8 28. Bc4+ Be6 29. Bxe6+ Qxe6 30. Qg6+ Kh8 31. Rf5 1-0